La termoeconoma̕ como alternativa para mejorar la competitividad industrial
En este documento se presenta una breve descripcin̤ del třmino termoeconoma̕ con el props̤ito de justificar su aplicacin̤ en los sectores industriales colombianos a partir de la formacin̤ acadm̌ica en el r̀ea en concordancia con las polt̕icas estatales energťicas. Para entender su aplicacin̤, se l...
保存先:
| その他の著者: | , |
|---|---|
| フォーマット: | 図書 |
| 言語: | スペイン語 |
| 主題: | |
| オンライン・アクセス: | La termoeconoma̕ como alternativa para mejorar la competitividad industrial |
| タグ: |
タグ追加
タグなし, このレコードへの初めてのタグを付けませんか!
|
MARC
| LEADER | 00000nam a22000004a 4500 | ||
|---|---|---|---|
| 001 | vpro9769 | ||
| 005 | 20201223000000.0 | ||
| 008 | 160405s2016 ck # g## #001 0#spa#d | ||
| 020 | |||
| 022 | |||
| 040 | |a CO-BoINGC | ||
| 041 | 0 | |a spa | |
| 245 | 1 | 0 | |a La termoeconoma̕ como alternativa para mejorar la competitividad industrial |
| 246 | |a Thermoeconomics as an Alternative to Improve Industrial Competitiveness | ||
| 264 | |a Bogot ̀(Colombia) : |b Revista VirtualPRO, |c 2016 | ||
| 520 | 3 | |a En este documento se presenta una breve descripcin̤ del třmino termoeconoma̕ con el props̤ito de justificar su aplicacin̤ en los sectores industriales colombianos a partir de la formacin̤ acadm̌ica en el r̀ea en concordancia con las polt̕icas estatales energťicas. Para entender su aplicacin̤, se llev ̤a cabo el desarrollo de una evaluacin̤ exergťica a un proceso industrial de secado de subproductos de plantas de beneficio de aves, ello con el fin de establecer destruccin̤ de exerga̕, costos exergťicos y valoracin̤ de combustibles alternativos. | |
| 650 | \ | \ | |a Termodinm̀ica |
| 650 | \ | \ | |a Thermodynamics |
| 650 | \ | \ | |a termodinm̀ica |
| 650 | \ | \ | |a termoeconoma̕ |
| 650 | \ | \ | |a exerga̕ |
| 650 | \ | \ | |a costos exergťicos |
| 650 | \ | \ | |a entropa̕ |
| 650 | \ | \ | |a thermodynamics. thermoeconomics |
| 650 | \ | \ | |a exergy |
| 650 | \ | \ | |a exergetic costs |
| 650 | \ | \ | |a entropy |
| 700 | \ | \ | |a Silva Larrotta Jorge Ren ̌ |
| 700 | \ | \ | |a Repositorio Institucional UN / Universidad Nacional de Colombia |
| 856 | |z La termoeconoma̕ como alternativa para mejorar la competitividad industrial |u https://virtualpro.unach.elogim.com/biblioteca/la-termoeconomia-como-alternativa-para-mejorar-la-competitividad-industrial | ||